Online Catalogue and eLibrary

Conflict resolution & peace studies : (Record no. 255)

MARC details
000 -LEADER
fixed length control field 00443nam a22001577a 4500
005 - DATE AND TIME OF LATEST TRANSACTION
control field 20240201021226.0
008 - FIXED-LENGTH DATA ELEMENTS--GENERAL INFORMATION
fixed length control field 240201b |||||||| |||| 00| 0 eng d
020 ## - INTERNATIONAL STANDARD BOOK NUMBER
ISBN 955607032X
082 ## - DDC Classification
DDC Edition Number 22
Class No. 305.8
245 ## - TITLE STATEMENT
Title Conflict resolution & peace studies :
260 ## - PUBLICATION, DISTRIBUTION, ETC.
Place of publication, distribution, etc. Colombo.
Name of publisher, distributor, etc. Center for policy research and analysis ( CEPRA)
Date of publication, distribution, etc. 2000.
300 ## - PHYSICAL DESCRIPTION
Extent (e.g. Volumes, Pages etc.) vi, 186 p.,
650 ## - SUBJECT ADDED ENTRY--TOPICAL TERM
Topical term or geographic name entry element Political science.
700 ## - ADDED ENTRY--PERSONAL NAME
Personal name Jayadeva uyangoda.
Relator term (Role) Editor
942 ## - Koha item type (Biblio)
Koha item type Books in Stacks (Lending)
Holdings
Lost status Damaged status Collection code Home library Current library Date acquired Full call number Accession Number Item type
    Lending WERC Library WERC Library 02/01/2024 305.8 5581 Books in Stacks (Lending)

© WERC Library